| 000 | 00657cam a2200205 a 4500 | ||
|---|---|---|---|
| 001 | 000001342 | ||
| 005 | 20200929145540.0 | ||
| 008 | 800517s1969 ||| 000 0 spa | ||
| 040 |
_aDO-SdBNP _bspa _cBNPHU |
||
| 082 |
_aV861.42 _bC355g |
||
| 100 | 1 |
_aCastro, Luis _d1909-1933 _94511 |
|
| 245 | 1 | 0 |
_aGarúa : _b(poemas) / _cLuis Castro. |
| 260 |
_aCaracas : _bInstituto Nacional de Cultura y Bellas Artes, _c1969. |
||
| 300 |
_a108 p. ; _c17 cm. |
||
| 490 | 1 |
_aBiblioteca popular venezolana _v121 |
|
| 650 | 4 |
_aLiteratura venezolana _93816 |
|
| 650 | 4 |
_aPoesía venezolana _94230 |
|
| 830 | 0 |
_aBiblioteca popular venezolana ; _v121 _94512 |
|
| 910 | _aEn proceso | ||
| 999 |
_c1271 _d1271 |
||